Ba-ri-e /

সংরক্ষণ করুন:
গ্রন্থ-পঞ্জীর বিবরন
প্রধান লেখক: Vê-gi-nốp, Pa-ven.
অন্যান্য লেখক: Đỗ Hồng Chung (dịch.)
বিন্যাস: Sách giấy
ভাষা:Vietnamese
প্রকাশিত: H. : Lao động, 1983.
ট্যাগগুলো: ট্যাগ যুক্ত করুন
কোনো ট্যাগ নেই, প্রথমজন হিসাবে ট্যাগ করুন!
Thư viện lưu trữ: Thư viện Trường Đại học Đà Lạt
LEADER 00674nam a2200289 4500
001 DLU140159236
005 ##20140123
040 # # |a DLU  |b vie 
041 # # |a vie 
044 # # |a vn 
082 # # |a 894.511 3  |b VE-P 
100 # # |a Vê-gi-nốp, Pa-ven. 
245 # # |a Ba-ri-e /  |c Vê-gi-nốp Pa-ven; Đỗ Hồng Chung dịch. 
260 # # |a H. :  |b Lao động,  |c 1983. 
300 # # |a 142 tr. ;  |c 19 cm. 
700 # # |a Đỗ Hồng Chung,  |e dịch. 
923 # # |a TL 
991 # # |a SH 
992 # # |a 7 
994 # # |a DLU 
900 # # |a True 
911 # # |a Trương Thị Mỹ Lệ 
925 # # |a G 
926 # # |a A 
927 # # |a SH 
980 # # |a Thư viện Trường Đại học Đà Lạt